书目信息 |
| 题名: |
机械制造工程原理
|
|
| 作者: | 冯之敬 主编 | |
| 分册: | ||
| 出版信息: | 北京 清华大学出版社 1999.02 |
|
| 页数: | 390页 | |
| 开本: | 16开 | |
| 丛书名: | ||
| 单 册: | ||
| 中图分类: | TH16 | |
| 科图分类: | ||
| 主题词: | 机械制造工艺 | |
| 电子资源: | ||
| ISBN: | 7-302-03113-4 | |
| 000 | 00559nam0 2200193 45 | |
| 001 | 0006250923 | |
| 005 | 20000625094425.0 | |
| 010 | @a7-302-03113-4@d25.00元 | |
| 100 | @a20000625d1999 km y0chiy0120 ea | |
| 101 | 0 | @achi |
| 105 | @a z 000yy | |
| 200 | 1 | @a机械制造工程原理@AJi Xie Zhi Zao Gong Cheng Yuan Li@f冯之敬主编@FFeng Zhi Jing Zhu Bian |
| 210 | @a北京@c清华大学出版社@d1999.02 | |
| 215 | @a390页@d16开 | |
| 606 | 0 | @a机械制造工艺 |
| 690 | @aTH16@v3 | |
| 701 | 0 | @a冯之敬@4主编 |
| 801 | @aCN@bPftUser@c20000625 | |
| 905 | @b59445-449@dTH16@eF363@f5 | |
| 机械制造工程原理/冯之敬主编.-北京:清华大学出版社,1999.02 |
| 390页;16开 |
| ISBN 7-302-03113-4:25.00元 |
| ● |
| 相关链接 |
|
|
|
正题名:机械制造工程原理
索取号:TH16/F363
 
预约/预借
| 序号 | 登录号 | 条形码 | 馆藏地/架位号 | 状态 | 备注 |
| 1 | 59445 | 200594455 | 自科二线504/504自科库 11排2列1层/ [索取号:TH16/F363] | 在馆 | |
| 2 | 59446 | 200594464 | 自科二线504/110考试书库 3排3列2层/ [索取号:TH16/F363] | 在馆 | |
| 3 | 59447 | 200594473 | 自科二线504/504自科库 11排1列3层/ [索取号:TH16/F363] | 在馆 | |
| 4 | 59448 | 200594482 | 自科二线504/504自科库 11排1列3层/ [索取号:TH16/F363] | 在馆 | |
| 5 | 59449 | 200594491 | 自科二线504/504自科库 11排2列1层/ [索取号:TH16/F363] | 在馆 |